书目信息 |
| 题名: |
机械零件
|
|
| 作者: | 许镇宇 著 | |
| 分册: | ||
| 出版信息: | 北京 人民教育出版社 1981 |
|
| 页数: | 301页 | |
| 开本: | 19cm | |
| 丛书名: | ||
| 单 册: | ||
| 中图分类: | TH13 | |
| 科图分类: | ||
| 主题词: | 机械元件 , 机械传动装置 | |
| 电子资源: | ||
| ISBN: | ||
| 000 | 00652nam0 2200265 45 | |
| 001 | 0181000435 | |
| 005 | 20040521075814.5 | |
| 010 | @dCNY1.65 | |
| 091 | @a15012.0344 | |
| 100 | @a19950609d1981 em y0chiy0121 ea | |
| 101 | 0 | @achi |
| 102 | @aCN@b110000 | |
| 105 | @ay z 000yy | |
| 106 | @ar | |
| 200 | 10 | @a机械零件@Aji xie ling jian@f许镇宇著 |
| 205 | @a2版(修订版) | |
| 210 | @a北京@c人民教育出版社@d1981 | |
| 215 | @a301页@d19cm | |
| 606 | 0 | @a机械元件 |
| 606 | 0 | @a机械传动装置 |
| 690 | @aTH13 | |
| 701 | 0 | @a许镇宇@Axu zhen yu@4著 |
| 801 | 0 | @aCN@b上海图书馆@c20040521 |
| 801 | 2 | @aCN@bNLC@c20040521 |
| 905 | @f1@b56666@dTH13@e4 | |
| 机械零件/许镇宇著.-2版(修订版).-北京:人民教育出版社,1981 |
| 301页;19cm |
| ISBN :CNY1.65 |
| ● |
| 相关链接 |
|
|
|
|
正题名:机械零件
索取号:TH13/4
 
预约/预借
| 序号 | 登录号 | 条形码 | 馆藏地/架位号 | 状态 | 备注 |
| 1 | 0056666 | 001365258 | 第三借阅区/ [索取号:TH13/4] | 在馆 | |
| 2 | 0056667 | 001365212 | 第二样本阅览室/ [索取号:TH13/4] | 在馆 |